[Event "BRA-ch Amateur U2000"]
[Site "Sao Paulo"]
[Date "2019.06.20"]
[Round "2"]
[White "Sa, Antonio Villar Marq"]
[Black "Bitencourt, Evandro Jose dos S"]
[Result "0-1"]
[WhiteElo "1929"]
[BlackElo "1828"]
[PlyCount "58"]
[EventDate "2019.06.20"]
[EventType "swiss"]
[EventRounds "7"]
[EventCountry "BRA"]
[SourceTitle "EXT 2020"]
[Source "ChessBase"]
[SourceDate "2019.10.17"]
[SourceVersion "1"]
[SourceVersionDate "2019.10.17"]
[SourceQuality "1"]

1. e4 c5 2. Nf3 Nc6 3. d4 cxd4 4. Nxd4 Nf6 5. Nc3 e5 6. Ndb5 d6 7. Bg5 a6 8. Na3 b5 9. Nd5 Be7 10. Bxf6 Bxf6 11. c3 Bg5 12. Nc2 0-0 13. a4 bxa4 14. Rxa4 a5 15. Bc4 Rb8 16. Qa1 Kh8 17. Nce3 g6 18. 0-0 f5 19. exf5 gxf5 20. f4 exf4 21. Nxf4 Qb6 22. Bd5 Qxe3+ 23. Kh1 Ne5 24. Ne6 Bxe6 25. Bxe6 Ng4 26. Rxf5 Nf2+ 27. Kg1 Nd1+ 28. Kh1 Qe1+ 29. Rf1 Qxf1# 0-1

[Event "Brasilia Terraviva op"]
[Site "Brasilia"]
[Date "2019.01.12"]
[Round "5"]
[White "Sa, Antonio Villar Marq"]
[Black "Lucena, Lincoln"]
[Result "0-1"]
[WhiteElo "1925"]
[BlackElo "2115"]
[PlyCount "88"]
[EventDate "2019.01.10"]
[EventType "swiss"]
[EventRounds "7"]
[EventCountry "BRA"]
[SourceTitle "CBM 188 Extra"]
[Source "ChessBase"]
[SourceDate "2019.02.26"]
[SourceVersion "1"]
[SourceVersionDate "2019.02.26"]
[SourceQuality "1"]

1. e4 e5 2. Nf3 d6 3. d4 Nf6 4. Nc3 Nbd7 5. Bg5 Be7 6. Qd2 c6 7. 0-0-0 h6 8. Bh4 g5 9. dxe5 dxe5 10. Bg3 Qa5 11. Kb1 Nh5 12. Be2 Nf4 13. h4 Rg8 14. hxg5 hxg5 15. Rh2 Nf6 16. Bc4 Bg4 17. Rdh1 Rd8 18. Qc1 Bb4 19. Rh8 Ke7 20. Rxg8 Rxg8 21. Bxf4 gxf4 22. Qe1 Qc5 23. Nd2 b5 24. Bd3 Bxc3 25. bxc3 Qxc3 26. f3 Be6 27. Qf2 Qa3 28. Nb3 Nd7 29. Rh5 Rg3 30. Bf1 Bc4 31. Rh3 Rg6 32. Bd3 Bxb3 33. cxb3 Rd6 34. Qh4+ Nf6 35. Bc2 Rd2 36. Rh1 Qc5 37. Rc1 Rxg2 38. Qh3 Rg1 39. Bd1 Qd4 40. Kc2 a5 41. Qh2 Rf1 42. Qd2 Qxd2+ 43. Kxd2 Kd6 44. Kd3 b4 0-1

[Event "BRA-ch Amateur U2000"]
[Site "Sao Paulo"]
[Date "2018.06.03"]
[Round "7"]
[White "De Paiva Filho, Luiz Americo"]
[Black "Sa, Antonio Villar Marq"]
[Result "1-0"]
[WhiteElo "1909"]
[BlackElo "1920"]
[PlyCount "65"]
[EventDate "2018.05.31"]
[EventType "swiss"]
[EventRounds "7"]
[EventCountry "BRA"]
[SourceTitle "EXT 2021"]
[Source "ChessBase"]
[SourceDate "2020.10.23"]
[SourceVersion "1"]
[SourceVersionDate "2020.10.23"]
[SourceQuality "1"]

1. d4 d5 2. Nf3 Nf6 3. Bf4 e6 4. e3 Be7 5. Bd3 Nbd7 6. Nbd2 0-0 7. h3 c5 8. c3 Re8 9. 0-0 b6 10. Qe2 Bb7 11. Rfe1 cxd4 12. exd4 Bf8 13. Rad1 Qc8 14. a4 a5 15. Ne5 Ba6 16. Ndf3 Bxd3 17. Rxd3 Ne4 18. Qd1 Ndf6 19. g4 Nd6 20. g5 Nfe4 21. Nd2 Nxd2 22. Qxd2 Nc4 23. Qe2 Nxe5 24. Bxe5 Qd7 25. b3 Bd6 26. f4 Rac8 27. Rf3 Be7 28. Qd3 f6 29. gxf6 gxf6 30. Kh2 fxe5 31. Rg1+ Kh8 32. fxe5 Rg8 33. Rf7 1-0

[Event "Brasilia Terraviva op"]
[Site "Brasilia"]
[Date "2018.01.14"]
[Round "6"]
[White "Passos, Rafael Moreira"]
[Black "Sa, Antonio Villar Marq"]
[Result "1/2-1/2"]
[WhiteElo "1648"]
[BlackElo "1932"]
[PlyCount "65"]
[EventDate "2018.01.11"]
[EventType "swiss"]
[EventRounds "7"]
[EventCountry "BRA"]
[SourceTitle "CBM 182 Extra"]
[Source "ChessBase"]
[SourceDate "2018.02.23"]
[SourceVersion "1"]
[SourceVersionDate "2018.02.23"]
[SourceQuality "1"]

1. d4 d5 2. c4 e6 3. Nc3 Nf6 4. cxd5 exd5 5. Bg5 Be7 6. e3 c6 7. Bd3 Nbd7 8. Qc2 0-0 9. Nge2 Re8 10. 0-0 Ne4 11. Bf4 Nef6 12. Bg5 Nf8 13. Bxf6 Bxf6 14. b4 Qd6 15. Qb3 Ne6 16. b5 Bd7 17. bxc6 Bxc6 18. Bb5 Red8 19. Rac1 Rac8 20. Bxc6 Rxc6 21. Nb5 Qb8 22. Nbc3 Rb6 23. Qa3 Ra6 24. Qb3 Qd6 25. Rb1 Rb6 26. Qc2 g6 27. Rxb6 Qxb6 28. Rb1 Qc6 29. Qb3 Rd7 30. Qb5 Qd6 31. Qb4 Qb8 32. Qb5 Qd6 33. Qb4 1/2-1/2

[Event "Brasilia Terraviva op"]
[Site "Brasilia"]
[Date "2018.01.13"]
[Round "5"]
[White "Sa, Antonio Villar Marq"]
[Black "Taira, Erick Hideki"]
[Result "1/2-1/2"]
[WhiteElo "1932"]
[BlackElo "1752"]
[PlyCount "66"]
[EventDate "2018.01.11"]
[EventType "swiss"]
[EventRounds "7"]
[EventCountry "BRA"]
[SourceTitle "CBM 182 Extra"]
[Source "ChessBase"]
[SourceDate "2018.02.23"]
[SourceVersion "1"]
[SourceVersionDate "2018.02.23"]
[SourceQuality "1"]

1. e4 c5 2. Nf3 Nc6 3. d4 cxd4 4. Nxd4 g6 5. c4 Bg7 6. Be3 Nf6 7. Nc3 0-0 8. Be2 d6 9. 0-0 Bd7 10. Nc2 Rc8 11. f4 Na5 12. Na3 b6 13. Qd3 Be6 14. Nd5 Bxd5 15. exd5 Nd7 16. Rab1 a6 17. b3 Nb7 18. Rbd1 Nbc5 19. Qb1 Rc7 20. Bd4 Bxd4+ 21. Rxd4 Qb8 22. Kh1 Qa7 23. f5 Rcc8 24. b4 Na4 25. Qd3 Ne5 26. Qh3 Kg7 27. Rh4 Rh8 28. Rh6 a5 29. Rf4 g5 30. f6+ exf6 31. Rfxf6 Qe7 32. Qe3 Ng6 33. Qxe7 Nxe7 1/2-1/2

[Event "BRA-ch Amateur U2000"]
[Site "Sao Paulo"]
[Date "2018.??.??"]
[Round "1"]
[White "Sa, Antonio Villar Marq"]
[Black "Parreira, Teodora Ribeiro"]
[Result "1-0"]
[WhiteElo "1920"]
[BlackElo "1532"]
[PlyCount "71"]
[EventDate "2018.05.31"]
[EventType "swiss"]
[EventRounds "7"]
[EventCountry "BRA"]
[SourceTitle "EXT 2021"]
[Source "ChessBase"]
[SourceDate "2020.10.23"]
[SourceVersion "1"]
[SourceVersionDate "2020.10.23"]
[SourceQuality "1"]

1. e4 c5 2. Nf3 g6 3. d4 cxd4 4. Qxd4 Nf6 5. e5 Nc6 6. Qe3 Nd5 7. Qb3 Nb6 8. Bf4 Bg7 9. Nc3 0-0 10. 0-0-0 a6 11. Be3 Nxe5 12. Bxb6 Qe8 13. Nd5 d6 14. Nxe5 Bxe5 15. Nc7 Qc6 16. Nxa8 Be6 17. Qf3 d5 18. Qe3 Rxa8 19. Qxe5 Qxb6 20. Qd4 Qc7 21. Rd3 Bf5 22. Rc3 Qd7 23. Bd3 Be6 24. f3 b5 25. g4 a5 26. Rc5 b4 27. Bb5 Qa7 28. Rd1 Qb8 29. Bc6 Ra6 30. Bxd5 Bxd5 31. Rxd5 Rd6 32. Rxd6 exd6 33. Qf6 Qb6 34. Re1 Qc6 35. Re7 Qb5 36. Qxf7+ 1-0

[Event "Brasilia Viva op"]
[Site "Brasilia"]
[Date "2017.04.30"]
[Round "4"]
[White "Sa, Antonio Villar Marq"]
[Black "De Andrade, Francisco Edmundo"]
[Result "1-0"]
[WhiteElo "1921"]
[BlackElo "1890"]
[PlyCount "49"]
[EventDate "2017.04.28"]
[EventType "swiss"]
[EventRounds "7"]
[EventCountry "BRA"]
[SourceTitle "CBM 178 Extra"]
[Source "ChessBase"]
[SourceDate "2017.06.22"]
[SourceVersion "1"]
[SourceVersionDate "2017.06.22"]
[SourceQuality "1"]

1. e4 c5 2. Nf3 d6 3. d4 cxd4 4. Nxd4 Nf6 5. Nc3 a6 6. Be2 e5 7. Nb3 Be6 8. f4 exf4 9. Bxf4 Nc6 10. Nd4 d5 11. Nxe6 fxe6 12. exd5 exd5 13. Qd3 Nb4 14. Qe3+ Qe7 15. 0-0-0 Qxe3+ 16. Bxe3 0-0-0 17. Bf3 Bd6 18. a3 Be5 19. Bb6 Nc6 20. Bxd8 Rxd8 21. Nxd5 Nxd5 22. Rxd5 Bf4+ 23. Kd1 Re8 24. g3 Bh6 25. Re1 1-0

[Event "Brasilia Viva op"]
[Site "Brasilia"]
[Date "2017.04.29"]
[Round "3"]
[White "Sa, Antonio Villar Marq"]
[Black "Valcarcel, Victor Ignacio Sant"]
[Result "1-0"]
[WhiteElo "1921"]
[BlackElo "1654"]
[PlyCount "85"]
[EventDate "2017.04.28"]
[EventType "swiss"]
[EventRounds "7"]
[EventCountry "BRA"]
[SourceTitle "CBM 178 Extra"]
[Source "ChessBase"]
[SourceDate "2017.06.22"]
[SourceVersion "1"]
[SourceVersionDate "2017.06.22"]
[SourceQuality "1"]

1. e4 e5 2. Nf3 Nc6 3. Bb5 a6 4. Ba4 Nf6 5. d3 b5 6. Bb3 Be7 7. 0-0 d6 8. c3 0-0 9. Nbd2 h6 10. Re1 Be6 11. d4 exd4 12. cxd4 d5 13. e5 Nd7 14. h3 Nb6 15. Nf1 Qd7 16. Ng3 f6 17. exf6 Bxf6 18. Nh5 Ne7 19. Nxf6+ Rxf6 20. Ne5 Qc8 21. Ng4 Bxg4 22. hxg4 Qf8 23. g5 hxg5 24. Bxg5 Rf7 25. Bxe7 Rxe7 26. Qd3 Rae8 27. Rxe7 Qxe7 28. Bc2 Qh4 29. g3 Qh5 30. Kg2 Re2 31. Bd1 Rxf2+ 32. Kxf2 Qh2+ 33. Kf3 Qh1+ 34. Kg4 Nd7 35. Qf3 Nf6+ 36. Kf5 Qg1 37. Qf4 Qh1 38. Rc1 Qh7+ 39. Ke6 g6 40. Ke5 c6 41. Rxc6 Nd7+ 42. Kxd5 Nb6+ 43. Rxb6 1-0

[Event "Brasilia Terraviva op"]
[Site "Brasilia"]
[Date "2017.01.08"]
[Round "6"]
[White "Sa, Antonio Villar Marq"]
[Black "Souza Neves, Andrey Marcelo"]
[Result "1/2-1/2"]
[WhiteElo "1896"]
[BlackElo "2239"]
[PlyCount "102"]
[EventDate "2017.01.06"]
[EventType "swiss"]
[EventRounds "6"]
[EventCountry "BRA"]
[SourceTitle "CBM 176 Extra"]
[Source "ChessBase"]
[SourceDate "2017.03.02"]
[SourceVersion "1"]
[SourceVersionDate "2017.03.02"]
[SourceQuality "1"]

1. e4 c6 2. d4 d5 3. Nc3 dxe4 4. Nxe4 Bf5 5. Ng3 Bg6 6. Nf3 Nd7 7. h4 h6 8. h5 Bh7 9. Bd3 Bxd3 10. Qxd3 e6 11. Bf4 Qa5+ 12. Bd2 Bb4 13. c3 Be7 14. c4 Qb6 15. 0-0-0 Ngf6 16. Kb1 0-0 17. Ne4 c5 18. Bc3 Rad8 19. Qe2 cxd4 20. Bxd4 Qa5 21. Nxf6+ Bxf6 22. g4 Bxd4 23. Nxd4 Qe5 24. Rhe1 Qxe2 25. Rxe2 Nb6 26. b3 Rd7 27. Red2 Rfd8 28. Kc2 Kf8 29. Nb5 Rxd2+ 30. Rxd2 Rxd2+ 31. Kxd2 Nc8 32. Kd3 Ke7 33. c5 g6 34. f3 gxh5 35. gxh5 a6 36. Nc3 f5 37. b4 Kf6 38. f4 Ne7 39. a4 e5 40. Ke3 Ke6 41. b5 axb5 42. axb5 e4 43. Kd4 Kd7 44. Ke5 e3 45. c6+ bxc6 46. bxc6+ Nxc6+ 47. Kxf5 Nd4+ 48. Kg6 Ke6 49. Kxh6 Kf5 50. Kg7 Ne6+ 51. Kf7 Ng5+ 1/2-1/2

[Event "Brasilia Terraviva op"]
[Site "Brasilia"]
[Date "2016.04.22"]
[Round "3"]
[White "Sa, Antonio Villar Marq"]
[Black "Dos Santos, Haroldo Cunha Jr"]
[Result "1-0"]
[WhiteElo "1919"]
[BlackElo "2132"]
[PlyCount "119"]
[EventDate "2016.04.21"]
[EventType "swiss"]
[EventRounds "7"]
[EventCountry "BRA"]
[SourceTitle "CBM 172 Extra"]
[Source "ChessBase"]
[SourceDate "2016.06.21"]
[SourceVersion "1"]
[SourceVersionDate "2016.06.21"]
[SourceQuality "1"]

1. e4 e5 2. Nf3 Nc6 3. Bb5 d6 4. d4 exd4 5. Nxd4 Bd7 6. Nc3 Nf6 7. 0-0 Be7 8. Re1 0-0 9. Nxc6 bxc6 10. Bc4 Re8 11. h3 Bf8 12. Bf4 g6 13. Qd2 Bg7 14. e5 dxe5 15. Rxe5 Rxe5 16. Bxe5 Be6 17. Qxd8+ Rxd8 18. Bxc7 Rd2 19. Bd3 Bf5 20. Bf4 Bxd3 21. Bxd2 Bxc2 22. Rc1 Bd3 23. Be3 Ne4 24. Rd1 Bxc3 25. bxc3 Bb5 26. Rd8+ Kg7 27. Bxa7 f6 28. Rd7+ Kg8 29. Bd4 c5 30. Rd8+ Kf7 31. Bxc5 Nxc3 32. a3 h5 33. f3 Ke6 34. Kf2 Bd7 35. Bd4 Nd5 36. Ra8 Nc7 37. Ra7 Nd5 38. a4 Kd6 39. a5 f5 40. a6 Kc6 41. Rxd7 Kxd7 42. a7 Nc7 43. Bb6 Na8 44. Ba5 Kc6 45. Ke3 g5 46. Bd8 Kb7 47. Bxg5 Kxa7 48. Kf4 Nc7 49. Kxf5 Kb7 50. Kg6 Kc6 51. Kxh5 Kd7 52. Kg6 Ke8 53. Bh6 Nd5 54. g4 Ne7+ 55. Kg7 Nd5 56. h4 Ke7 57. Bg5+ Ke6 58. h5 Nc7 59. h6 Ne8+ 60. Kg8 1-0

[Event "Brasilia Terraviva op"]
[Site "Brasilia"]
[Date "2016.04.21"]
[Round "1"]
[White "Sa, Antonio Villar Marq"]
[Black "Nishizawa, Claudio"]
[Result "1-0"]
[WhiteElo "1919"]
[BlackElo "1753"]
[PlyCount "177"]
[EventDate "2016.04.21"]
[EventType "swiss"]
[EventRounds "7"]
[EventCountry "BRA"]
[SourceTitle "CBM 172 Extra"]
[Source "ChessBase"]
[SourceDate "2016.06.21"]
[SourceVersion "1"]
[SourceVersionDate "2016.06.21"]
[SourceQuality "1"]

1. e4 c5 2. Nf3 d6 3. d4 cxd4 4. Nxd4 Nf6 5. Nc3 e5 6. Nb3 Be7 7. Bg5 0-0 8. Qd2 a6 9. 0-0-0 Nbd7 10. Kb1 b5 11. a3 Bb7 12. f3 Rc8 13. h4 Qc7 14. g4 Rfd8 15. Bh3 Bc6 16. Rh2 a5 17. Bxf6 Nxf6 18. g5 Nd7 19. Nd5 Bxd5 20. Qxd5 a4 21. Nc1 Rb8 22. Bxd7 Rxd7 23. Nd3 Rdd8 24. Nb4 Rb6 25. Qd3 Qc5 26. Nd5 Rb7 27. Rhd2 Bf8 28. h5 Rdb8 29. c3 Qc4 30. Qe3 Kh8 31. h6 g6 32. f4 Qb3 33. Qf2 Qc4 34. Re1 Re8 35. f5 Reb8 36. fxg6 fxg6 37. Qf6+ Kg8 38. Rf2 Qc8 39. Ref1 Qe8 40. Qf3 Be7 41. Nf6+ Bxf6 42. Qxf6 Rd7 43. Rd1 Rb6 44. Rd5 Rf7 45. Qxf7+ Qxf7 46. Rxf7 Kxf7 47. Kc2 Ke6 48. c4 b4 49. Ra5 bxa3 50. bxa3 Rb7 51. Rxa4 Kd7 52. Rb4 Ra7 53. Kb3 Kc6 54. Rb8 Kc5 55. Rg8 Rb7+ 56. Kc3 Ra7 57. Rc8+ Kb6 58. Kb4 Kb7 59. Rg8 Kc6 60. Rg7 Ra8 61. Rxh7 Rb8+ 62. Kc3 Rf8 63. Rg7 Rf3+ 64. Kb4 Rf1 65. Rxg6 Rb1+ 66. Kc3 Rh1 67. Rg7 Kc5 68. h7 Rh3+ 69. Kd2 Kd4 70. g6 Rh2+ 71. Ke1 Ke3 72. Kf1 Kf3 73. Rf7+ Kxe4 74. Rf8 Kd3 75. h8Q Rb2 76. Rf3+ Kxc4 77. Qc8+ Kd5 78. Rd3+ Ke4 79. Qc4+ Kf5 80. Qf7+ Kg4 81. Qf3+ Kg5 82. g7 Rb1+ 83. Ke2 Rb8 84. Rd1 Rb2+ 85. Ke3 Rb3+ 86. Rd3 Rb8 87. Ke4 Kh6 88. Qf6+ Kh5 89. Rh3+ 1-0

[Event "Pan American Amateur-ch"]
[Site "Curitiba"]
[Date "2015.12.19"]
[Round "6"]
[White "Sa, Antonio Villar Marq"]
[Black "Teshima, Ricardo Yoshida"]
[Result "0-1"]
[WhiteElo "1965"]
[BlackElo "1774"]
[PlyCount "68"]
[EventDate "2015.12.16"]
[EventType "swiss"]
[EventRounds "9"]
[EventCountry "BRA"]
[SourceTitle "CBM 170 Extra"]
[Source "ChessBase"]
[SourceDate "2016.02.25"]
[SourceVersion "1"]
[SourceVersionDate "2016.02.25"]
[SourceQuality "1"]

1. e4 e5 2. Nf3 Nf6 3. d4 Nxe4 4. Bd3 d5 5. Nxe5 Bd6 6. 0-0 0-0 7. c4 c6 8. cxd5 cxd5 9. Nd2 Bf5 10. Qb3 Bxe5 11. dxe5 Nc5 12. Qb5 Nxd3 13. Qxb7 Nd7 14. Qxd5 N7xe5 15. Qb5 Rb8 16. Qa4 Nxc1 17. Raxc1 Qxd2 18. Qxa7 Nd3 19. Rc7 Be6 20. b3 Ra8 21. Qd4 Rfd8 22. Qh4 h6 23. a3 Bxb3 24. Rb7 Rdb8 25. Re7 Be6 26. h3 Rxa3 27. f4 Rb2 28. Qg3 Nxf4 29. Re8+ Kh7 30. Rf3 Ne2+ 31. Kh2 Nxg3 32. Rxg3 Rxg3 33. Kxg3 Qf2+ 34. Kh2 Qxg2# 0-1

[Event "Brasilia-ch op"]
[Site "Brasilia"]
[Date "2015.11.02"]
[Round "6"]
[White "Sa, Antonio Villar Marq"]
[Black "Maciel, Diogo Alves"]
[Result "1/2-1/2"]
[WhiteElo "1935"]
[BlackElo "1931"]
[PlyCount "109"]
[EventDate "2015.10.30"]
[EventType "swiss"]
[EventRounds "7"]
[EventCountry "BRA"]
[SourceTitle "CBM 169 Extra"]
[Source "ChessBase"]
[SourceDate "2015.12.18"]
[SourceVersion "1"]
[SourceVersionDate "2015.12.18"]
[SourceQuality "1"]

1. e4 e6 2. d3 c5 3. Nf3 Nc6 4. g3 g6 5. Bg2 Bg7 6. 0-0 Nge7 7. Re1 d5 8. Nbd2 0-0 9. c3 dxe4 10. dxe4 Qc7 11. Nc4 Rd8 12. Qc2 b5 13. Ne3 Bb7 14. Bd2 Rac8 15. Rad1 Qa5 16. c4 b4 17. a3 Qb6 18. Qb1 Nd4 19. axb4 cxb4 20. b3 a5 21. Nc2 Nxf3+ 22. Bxf3 Nc6 23. Be3 Nd4 24. Nxd4 Bxd4 25. Bxd4 Rxd4 26. Rxd4 Qxd4 27. Rd1 Qc3 28. Rd3 Qe5 29. Qd1 Kg7 30. Qe2 a4 31. bxa4 Rxc4 32. Rd7 Ba6 33. Qd2 b3 34. Bd1 b2 35. Bc2 Rxa4 36. Rxf7+ Kxf7 37. Qd7+ Kf6 38. Qd8+ Kg7 39. Qd7+ Kh6 40. Qxa4 Qb5 41. Qxb5 Bxb5 42. f3 Be2 43. Kf2 Bd1 44. Bb1 e5 45. f4 exf4 46. gxf4 Bb3 47. Ke3 Kh5 48. Kd4 Kg4 49. f5 gxf5 50. exf5 Kh3 51. f6 h5 52. Kc3 Bf7 53. Kxb2 Kxh2 54. Ba2 Be8 55. f7 1/2-1/2

[Event "Brasilia FBX 50"]
[Site "Brasilia"]
[Date "2015.09.05"]
[Round "4"]
[White "Sa, Antonio Villar Marq"]
[Black "Maciel, Diogo Alves"]
[Result "0-1"]
[WhiteElo "1962"]
[BlackElo "1849"]
[PlyCount "62"]
[EventDate "2015.09.05"]
[EventType "swiss"]
[EventRounds "6"]
[EventCountry "BRA"]
[SourceTitle "EXT 2016"]
[Source "ChessBase"]
[SourceDate "2015.10.08"]
[SourceVersion "1"]
[SourceVersionDate "2015.10.08"]
[SourceQuality "1"]

1. e4 c5 2. Nf3 d6 3. d4 cxd4 4. Nxd4 Nf6 5. Nc3 a6 6. Be2 e6 7. 0-0 Be7 8. f4 Qc7 9. Bf3 Nc6 10. Kh1 Bd7 11. Be3 0-0 12. a4 Na5 13. Nce2 Nc4 14. Bc1 Rfc8 15. b3 Na5 16. c4 e5 17. Nf5 Bxf5 18. exf5 e4 19. Ng3 exf3 20. Qxf3 Qb6 21. Re1 Re8 22. Ba3 Qxb3 23. Re3 Qxc4 24. Rc1 Qd5 25. Ne4 Nxe4 26. Rxe4 Qxf5 27. g4 Qd7 28. g5 Rad8 29. Rd4 d5 30. Bxe7 Qxe7 31. Rxd5 Nc6 0-1

[Event "Brasilia Centro Oeste-ch"]
[Site "Brasilia"]
[Date "2015.05.15"]
[Round "2"]
[White "Sa, Antonio Villar Marq"]
[Black "Couto, Januario Pereira Do"]
[Result "1-0"]
[WhiteElo "1941"]
[BlackElo "1608"]
[PlyCount "51"]
[EventDate "2015.05.15"]
[EventType "swiss"]
[EventRounds "6"]
[EventCountry "BRA"]
[SourceTitle "CBM 166 Extra"]
[Source "ChessBase"]
[SourceDate "2015.06.18"]
[SourceVersion "1"]
[SourceVersionDate "2015.06.18"]
[SourceQuality "1"]

1. e4 d5 2. exd5 Qxd5 3. Nc3 Qd6 4. d4 Nf6 5. Nf3 a6 6. g3 b5 7. Bf4 Qd8 8. Bg2 Bb7 9. 0-0 e6 10. Re1 Bd6 11. Ne5 Bxg2 12. Kxg2 0-0 13. Qf3 Nbd7 14. Nc6 Qe8 15. d5 Nb6 16. Bxd6 cxd6 17. dxe6 fxe6 18. Nd4 e5 19. Qc6 Qxc6+ 20. Nxc6 Rf7 21. Rad1 Rd7 22. Re2 Rc8 23. Nb4 a5 24. Nbd5 Nbxd5 25. Nxd5 Nxd5 26. Rxd5 1-0

[Event "BRA-ch Amateur"]
[Site "Sao Paulo"]
[Date "2015.04.03"]
[Round "6"]
[White "Federzoni, Enzo"]
[Black "Sa, Antonio Villar Marq"]
[Result "0-1"]
[WhiteElo "1677"]
[BlackElo "1938"]
[PlyCount "94"]
[EventDate "2015.04.30"]
[EventType "swiss"]
[EventRounds "7"]
[EventCountry "BRA"]
[SourceTitle "EXT 2022"]
[Source "ChessBase"]
[SourceDate "2021.10.06"]
[SourceVersion "1"]
[SourceVersionDate "2021.10.06"]
[SourceQuality "1"]

1. e4 e5 2. Nf3 Nc6 3. d4 exd4 4. Nxd4 Bc5 5. Be3 Qf6 6. Nb5 Bxe3 7. fxe3 Qh4+ 8. g3 Qd8 9. Qg4 Kf8 10. Qf4 d6 11. Bc4 Ne5 12. Bb3 Bh3 13. Nd4 Qf6 14. Nd2 a6 15. 0-0-0 Re8 16. a3 Ng4 17. Rde1 Ne7 18. Nf5 Ng6 19. Qf3 N6e5 20. Qe2 g6 21. Nd4 Kg7 22. Nc4 c5 23. Rhf1 Bxf1 24. Rxf1 Qe7 25. h3 Nxc4 26. Qxg4 Nxe3 27. Nf5+ Nxf5 28. exf5 f6 29. h4 Qe2 30. Qxe2 Rxe2 31. Rd1 Rhe8 32. Rxd6 Re1+ 33. Kd2 R8e2+ 34. Kd3 Rd1+ 35. Kxe2 Rxd6 36. fxg6 hxg6 37. a4 b6 38. Bc4 Rd4 39. b3 a5 40. Bd3 f5 41. h5 Rxd3 42. cxd3 gxh5 43. Kf3 Kg6 44. Kg2 Kg5 45. Kf3 f4 46. gxf4+ Kf5 47. Kg3 h4+ 0-1

[Event "BRA-ch Amateur"]
[Site "Sao Paulo"]
[Date "2015.04.02"]
[Round "5"]
[White "Sa, Antonio Villar Marq"]
[Black "Vieira, Alexandre Letizio"]
[Result "0-1"]
[WhiteElo "1938"]
[BlackElo "1832"]
[PlyCount "98"]
[EventDate "2015.04.30"]
[EventType "swiss"]
[EventRounds "7"]
[EventCountry "BRA"]
[SourceTitle "EXT 2022"]
[Source "ChessBase"]
[SourceDate "2021.10.06"]
[SourceVersion "1"]
[SourceVersionDate "2021.10.06"]
[SourceQuality "1"]

1. e4 c5 2. Nf3 g6 3. d4 cxd4 4. Qxd4 Nf6 5. e5 Nc6 6. Qc3 Ng8 7. e6 f6 8. exd7+ Bxd7 9. a3 Rc8 10. Bd2 Bg7 11. Qb3 Qc7 12. Bb5 Nh6 13. 0-0 Nf7 14. Re1 e5 15. Nc3 0-0 16. Rad1 Bg4 17. Nd5 Qd6 18. c4 Bxf3 19. Qxf3 Nd4 20. Qd3 Nc6 21. Bxc6 bxc6 22. Bb4 c5 23. Bc3 Rfe8 24. b4 cxb4 25. axb4 Qc6 26. c5 a5 27. bxa5 Qxc5 28. Bb4 Qa7 29. Qa3 Rc2 30. Rd2 Rxd2 31. Bxd2 Qd4 32. Nc7 Qxd2 33. Rb1 Rd8 34. h3 Bf8 35. Qa4 Bc5 36. a6 Bxf2+ 37. Kh1 Qd7 38. Qa2 Bg3 39. Qc2 e4 40. Nb5 Qd3 41. Qxd3 exd3 42. Rd1 Bf2 43. a7 Bxa7 44. Nxa7 Ne5 45. Nb5 Kf7 46. Kg1 h5 47. Kf2 g5 48. Ke3 f5 49. Nd4 Nc4+ 0-1

[Event "Brasilia FBX op"]
[Site "Brasilia"]
[Date "2015.03.01"]
[Round "5"]
[White "Lucena, Lincoln"]
[Black "Sa, Antonio Villar Marq"]
[Result "1-0"]
[WhiteElo "2142"]
[BlackElo "1926"]
[PlyCount "65"]
[EventDate "2015.02.27"]
[EventType "swiss"]
[EventRounds "5"]
[EventCountry "BRA"]
[SourceTitle "CBM 165 Extra"]
[Source "ChessBase"]
[SourceDate "2015.04.21"]
[SourceVersion "1"]
[SourceVersionDate "2015.04.21"]
[SourceQuality "1"]

1. Nf3 Nf6 2. g3 d5 3. Bg2 c5 4. c4 Nc6 5. 0-0 e5 6. cxd5 Nxd5 7. d3 Be7 8. Nc3 Be6 9. Bd2 Rc8 10. Ne4 f5 11. Neg5 Bg8 12. h4 h6 13. Nh3 Be6 14. a3 0-0 15. Rb1 f4 16. b4 g5 17. b5 g4 18. bxc6 gxf3 19. exf3 Rxc6 20. Re1 Bd6 21. Nxf4 exf4 22. Rxe6 fxg3 23. Rxb7 gxf2+ 24. Kf1 Rf6 25. f4 Bxf4 26. Qg4+ Bg5 27. Bxd5 Qxd5 28. Re8+ Rf8 29. Rxf8+ Kxf8 30. hxg5 Qxd3+ 31. Qe2 Qh3+ 32. Kxf2 Qh4+ 33. Kg2 1-0